Jugendwort Quiz - Vereinfacht - Statistiken

Allgemein
  • Dieses Quiz wurde 213 mal gespielt
  • Das Durchschnittsergebnis liegt bei 6 aus 15
Antwortstatistiken
Jahr Beschreibung Jugendwort % Korrekt
2021 peinlich, zum Fremdschämen cringe
86%
2012 englische Abkürzung für "du lebst nur einmal" YOLO
79%
2017 Ich bin's I bims
67%
2020 ahnungslos, verwirrt lost
52%
2008 Ü-30 Party Gammelfleischparty
45%
2015 Personen die beim Gehen immer aufs Handy schauen Smombie
43%
2023 tollpatschig, alberne Person oder Verhaltensweise goofy
40%
2018 guter Mensch Ehrenmann
35%
2022 mit jemanden etwas anfangen smash
34%
2013 Boss, Chef:in Babo
23%
2011 Coolheit, Lässigkeit Swag
20%
2010 sinnlose Gespräche, bei denen das Niveau sinkt Niveaulimbo
12%
2014 Gut gemacht! Läuft bei dir
6%
2016 besonders abgehen fly sein
5%
2009 herumhängen hartzen
5%
Keine übereinstimmenden Quizze gefunden
Verteilung der Resultate
Anzahl Personen mit jedem Resultat
Perzentil nach korrekt beantworteten Fragen
Ihre Resultats-Entwicklung
Sie haben dieses Quiz noch nicht gespielt